| 000 | 00903nam a2200241 i 4500 | ||
|---|---|---|---|
| 001 | 146943 | ||
| 003 | ES-MaACL | ||
| 005 | 20250905162507.0 | ||
| 007 | t| | ||
| 008 | 070919s1971 sp ||||1| spa d | ||
| 080 | _a616-056.3-053.2 | ||
| 100 | 1 |
_aTuft, Louis. _9111652 |
|
| 245 | 1 | 0 |
_aAlergia en el niño / _cLouis Tuft y Harry Louis Mueller ; apéndice al capítulo X por Dr. F. Muñoz López ; prólogo por Prof. M. Cruz-Hernández ; [versión española Dr. A. Garrido Juan ; revisada por Dr. F. Muñoz-López]. |
| 260 |
_aBarcelona : _bEd. Pediátrica, _c1971. |
||
| 300 |
_aXIX, 414 p. : _bil. ; _c26 cm. |
||
| 650 | 4 |
_aAlergia en niños. _9160991 |
|
| 700 | 1 |
_aMüller, Harry Louis. _9160993 |
|
| 700 | 1 |
_aMuñoz López, F., _d1932- _9160992 |
|
| 700 | 1 |
_aCruz Hernández, Manuel. _941829 |
|
| 700 | 1 |
_aGarrido Juan, A. _955707 |
|
| 852 |
_aES-MaACL _jC-37329 |
||
| 999 |
_c146943 _d146943 |
||